000
00300nam a2200133Ia 4500
008
231129s1980||||xx |||||||||||||| ||spa||
040
_b
spa
082
_a
B869 R175
100
_a
Ramos Graciliano
245
0
_a
San Bernardo : novela
260
_c
1980
264
_a
Monte Avila
942
_2
ddc
_c
BKS
999
_c
24291
_d
24291